000 01122njm a22002897a 4500
005 20100901115333.0
006 a|||||r|||||00| 0
007 sd ammalaaahaa
008 100901t xxu||||| |||| 00| 0 eng d
028 _aMOCE 4101
_bOdeon
035 _aGR-02355
040 _aSED
_cSED
100 _aKapoor, Mahendra
_917891
245 _aBhjans From Films /
_cby Mahendra Kapoor ; music by C. Ramchandra ; lyrices by Sabir Ludhianvi
_h[Sound recording]
260 _aDUM DUM, India
_bOdeon
_c1971
300 _a1 Sound disc [Gramophone Recording] :
_banalog, 33 1/3 rpm
_c12 in. (LP)
_fGramophone Record
500 _aBrief record
500 _aRecord Labels : Odeon,Black
505 _aSide-1 (Allah tero naam) (Hum Donon) (Mahendra Kapoor)--Side-2 (Ganga tera pani amrit) (Ganga Tera Pani Amrit) (Mohammad Rafi & Chorus)
600 _aMangeshkar, Lata
_91184
650 _aBhajans
_920050
_xExcerpts
_zIndia
650 _920053
700 _aRamchandra,C.
_920035
700 _aLudhianvi, Sabir
_920048
942 _2ddc
_cGR
999 _c45776
_d45776